000 00653nam a2200181Ia 4500
003 GCL
008 140319s9999 xx 000 0 ara d
040 _aGCL /
_cGCL
082 0 4 _a364.1524
_bع ت
100 1 _aعبدالحكيم العفيفى
245 1 0 _aتاريخ الاغتيالات السياسية فى مصر: فى العصر الفرعونى, فى العصور الوسطى فى العصر الحديث /
_cعبدالحكيم العفيفى
260 _a[S.N] :
_bالدار المصرية اللبنانية ،
_c1992
490 _a
650 0 4 _aمصر
650 0 4 _aالاغتيال
650 0 4 _aالارهاب
942 _2ddc
_cBK
999 _c31836
_d31836